Vibration and Impact/ (Record no. 11885)
[ view plain ]
| 000 -LEADER | |
|---|---|
| fixed length control field | 00990nam a2200253 4500 |
| 001 - CONTROL NUMBER | |
| control field | 1231228 |
| 005 - DATE AND TIME OF LATEST TRANSACTION | |
| control field | 19681225000000.0 |
| 008 - FIXED-LENGTH DATA ELEMENTS--GENERAL INFORMATION | |
| fixed length control field | 691010r19681958nyua b 001 0 eng |
| 010 ## - LIBRARY OF CONGRESS CONTROL NUMBER | |
| LC control number | 68017404 |
| 040 ## - CATALOGING SOURCE | |
| Original cataloging agency | DLC |
| Transcribing agency | DLC |
| Modifying agency | DLC |
| 050 00 - LIBRARY OF CONGRESS CALL NUMBER | |
| Classification number | TA355 |
| Item number | .B8 1968 |
| 082 00 - DEWEY DECIMAL CLASSIFICATION NUMBER | |
| Classification number | 620.3 |
| Edition number | 22 |
| Item number | BUR |
| 100 1# - MAIN ENTRY--PERSONAL NAME | |
| Personal name | Burton, Ralph A. |
| 9 (RLIN) | 6418 |
| 245 10 - TITLE STATEMENT | |
| Title | Vibration and Impact/ |
| Statement of responsibility, etc | by Ralph Burton. |
| 260 ## - PUBLICATION, DISTRIBUTION, ETC. (IMPRINT) | |
| Place of publication, distribution, etc | New York, |
| Name of publisher, distributor, etc | Dover Publications, |
| Date of publication, distribution, etc | 1968 |
| 300 ## - PHYSICAL DESCRIPTION | |
| Extent | x, 310 p.: |
| Other physical details | ill. ; |
| Dimensions | 22 cm. |
| 350 ## - PRICE (NR) (BK AM CF MU VM SE) [OBSOLETE] | |
| Price | $2.75 |
| 500 ## - GENERAL NOTE | |
| General note | "An unabridged and corrected republication of the work originally published ... in 1958, to which has been added a new preface by the author." |
| 504 ## - BIBLIOGRAPHY, ETC. NOTE | |
| Bibliography, etc | Includes bibliographies. |
| 650 #0 - SUBJECT ADDED ENTRY--TOPICAL TERM | |
| Topical term or geographic name as entry element | Vibration. |
| 9 (RLIN) | 6419 |
| 650 #0 - SUBJECT ADDED ENTRY--TOPICAL TERM | |
| Topical term or geographic name as entry element | Impact. |
| 9 (RLIN) | 6420 |
| 942 ## - ADDED ENTRY ELEMENTS (KOHA) | |
| Source of classification or shelving scheme | Dewey Decimal Classification |
| Item type | Book - Borrowing |
| Withdrawn status | Item status | Source of classification or shelving scheme | Damaged status | Not for loan | Vendor | Home library | Current library | Shelving location | Date acquired | Source of acquisition | Cost, normal purchase price | Total Checkouts | Total Renewals | Full call number | Barcode | Date last seen | Date last borrowed | Koha item type |
|---|---|---|---|---|---|---|---|---|---|---|---|---|---|---|---|---|---|---|
| Dewey Decimal Classification | Alef-Baa | Central Library | Central Library | First floor | 18/06/2009 | 150.00 | 1 | 1 | 620.3 BUR | 000016820 | 15/07/2025 | 22/05/2012 | Book - Borrowing |